000
00461nam a2200181Ia 4500
008
100917s9999 xx 000 0 und d
082
_b
14762
100
_a
भिडे भि. गो.
245
_a
मुकुटमणि
260
_b
---
_c
1928
300
_a
196
365
_b
2
520
_a
कादंबरी
630
_a
मुकुटमणि
650
_a
कादंबरी
730
_a
मुकुटमणि
942
_c
BOOK
999
_c
620156
_d
620153